VÝVOJOVÉ TENDENCIE ZASTUPITEĽSKÝCH ORGÁNOV SOCIALISTICKÝCH ŠTÁTOV

Bibliographic Details
Main Author: Cibulka, Ľubor, 1948- (Author)
Format: Article
Language:Slovak

MARC

LEADER 00000nab a2200000uu 4500
001 vtls010910563
003 SK-MaSNL
005 20260303180727.0
008 230629|1985 xo |||||||||||||||||slo|
015 |a SNBRB 
035 |a (urnnbn)urn:nbn:sk:snk:ar-a081u5 
035 |a (uuid)247b38e3-e72b-48b5-b4a2-0971bd145119 
035 |a urn:nbn:sk:snk-ab8zyw 
040 |a SNKBUCL  |b slo  |c SNKBUCL  |e AACR2 
041 0 |a slo 
044 |a xo  |c SK 
100 1 |a Cibulka, Ľubor,  |d 1948-  |4 aut  |9 226155 
245 1 0 |a VÝVOJOVÉ TENDENCIE ZASTUPITEĽSKÝCH ORGÁNOV SOCIALISTICKÝCH ŠTÁTOV  |c Ľubor Cibulka 
773 0 |t Acta Facultatis iuridicae Universitatis Comenianae  |g Roč. 6-1982, č. 6 (1985), s. 125-141 
954 |a odborná, vedecká literatúra pôvodná (slovenská)  |2 lita 
958 |a OND 
958 |a EUIPO 
958 |a article10 
999 |c 2107513  |d 2109443